Making up your own mind / (Record no. 104965)
[ view plain ]
| 000 -LEADER | |
|---|---|
| fixed length control field | 00613nam a2200169 a 4500 |
| 005 - DATE AND TIME OF LATEST TRANSACTION | |
| control field | 20140412111333.0 |
| 008 - FIXED-LENGTH DATA ELEMENTS--GENERAL INFORMATION | |
| fixed length control field | 050418s19uu xx 00 eng d |
| 050 ## - LIBRARY OF CONGRESS CALL NUMBER | |
| Classification number | TR(GS 153.8 |
| Item number | WIL 1978 |
| 100 ## - MAIN ENTRY--PERSONAL NAME | |
| Personal name | Wilt, Joy |
| 245 ## - TITLE STATEMENT | |
| Title | Making up your own mind / |
| Statement of responsibility, etc | by joy Wilt ; illustrated by Ernie Hergenroeder. |
| 260 ## - PUBLICATION, DISTRIBUTION, ETC. (IMPRINT) | |
| Place of publication, distribution, etc | Waco, Texas : |
| Name of publisher, distributor, etc | Educational Products Division, |
| Date of publication, distribution, etc | 1978. |
| 300 ## - PHYSICAL DESCRIPTION | |
| Extent | 128 p. ; ill. |
| 440 ## - SERIES STATEMENT/ADDED ENTRY--TITLE | |
| Title | Weekly Reader Books presents |
| 500 ## - GENERAL NOTE | |
| General note | Contents: How to make decisions--Decisions to make--How to solve problems--Problems to solve. |
| 650 ## - SUBJECT ADDED ENTRY--TOPICAL TERM | |
| Topical term or geographic name as entry element | Will |
| General subdivision | Juvenile literature |
| Withdrawn status | Lost status | Damaged status | Home library | Current library | Shelving location | Date acquired | Source of acquisition | Total Checkouts | Full call number | Barcode | Date last seen | Price effective from | Koha item type |
|---|---|---|---|---|---|---|---|---|---|---|---|---|---|
| Elizalde Library | Elizalde Library | Teachers Reference Section | 04/18/2005 | TR(GS 153.8 WIL 1978 | E9162 | 04/12/2014 | 04/12/2014 | Books |